Catálogo
 En Linea

Veintitrés y una tortuga / (Registro nro. 24947)

Detalles MARC
000 -CABECERA
campo de control de longitud fija 00601nam a2200169 a 4500
001 - NÚMERO DE CONTROL
campo de control 000025455
005 - FECHA Y HORA DE LA ÚLTIMA TRANSACCIÓN
campo de control 20200930023812.0
008 - DATOS DE LONGITUD FIJA--INFORMACIÓN GENERAL
campo de control de longitud fija 110216s1981 pr a r 000 j spa d
040 ## - FUENTE DE LA CATALOGACIÓN
Centro catalogador/agencia de origen DO-SdBNP
Lengua de catalogación spa
Centro/agencia transcriptor BNPHU
082 ## - NÚMERO DE LA CLASIFICACIÓN DECIMAL DEWEY
Número de clasificación NNN
Número de documento/Ítem M778v
049 ## - FONDOS LOCALES (OCLC)
Fondos de biblioteca BNGR
100 1# - ENTRADA PRINCIPAL--NOMBRE DE PERSONA
Nombre de persona Montero, Mayra
Fechas asociadas al nombre 1952-
9 (RLIN) 12644
245 10 - MENCIÓN DE TÍTULO
Título Veintitrés y una tortuga /
Mención de responsabilidad, etc. Mayra Montero ; ilustraciones, Juan Alvarez O'Neill ; prólogo de JoséLuis González.
260 ## - PUBLICACIÓN, DISTRIBUCIÓN, ETC.
Lugar de publicación, distribución, etc. San Juan de Puerto Rico :
Nombre del editor, distribuidor, etc. Instituto de Cultura Puertorriqueña,
Fecha de publicación, distribución, etc. 1981.
300 ## - DESCRIPCIÓN FÍSICA
Extensión 103 p. :
-- il. ;
-- 18 cm.
700 1# - PUNTO DE ACCESO ADICIONAL--NOMBRE DE PERSONA
Nombre de persona González, José Luis
Término indicativo de función/relación pról.
9 (RLIN) 5327
Existencias
Estado de retiro Estado de pérdida Restricciones de uso No para préstamo Código de colección Localización permanente Ubicación/localización actual Ubicación en estantería Fecha de adquisición Número de inventario Total de préstamos Signatura topográfica completa Código de barras Fecha visto por última vez Precio válido a partir de Tipo de ítem Koha
        Monografías: Libros y Folletos General General En catalogación 16.02.2011 LF1   NNN M778v 25455-10 25.06.2020 25.06.2020 Préstamo en sala

Con tecnología Koha